Pokémon - Les attaques de Fulgulairo - Statistiques

Statistiques générales
  • Ce quiz a été pris 10 fois
  • Le résultat moyen est 10 sur 14
Statistiques - réponses
Niveaux Types Noms des attaques % Correct
Niveau 15 Électrique Étincelle
100%
Niveau 24 Vol Atterrissage
83%
Niveau 48 Électrique Coup d'Jus
83%
Niveau 4 Électrique Éclair
83%
Niveau 36 Psy Hâte
83%
Niveau 11 Vol Picore
83%
Départ Vol Picpic
83%
Niveau 55 Vol Vent Violent
83%
Départ Évolution Électrique Boule Élek
67%
Niveau 43 Électrique Change-Éclair
67%
Départ Normal Rugissement
67%
Niveau 7 Normal Vive-Attaque
67%
Niveau 30 Vol Double Volée
33%
Niveau 19 Normal Brouhaha
17%
Aucun quiz correspondant
Distribution des résultats
% des personnes avec chaque résultat
Percentile par nombre de réponses
Votre historique - résultats
Vous n’avez pas pris ce quiz